00358 2200145 4500001002100000005001500021035002000036245003700056300003100093260003400124082000800158084001400166020002200180990001000202INLIS00000000000091620240605105101 a0010-0624000028 aRoman Picisan /cEddy D.Iskandar a260 hlm :bilus ;c19.5 cm aBandung :bYrama Widya,c2017 a813 a813 ISK r a978-602-374-635-4 a3.630